000 00537nam a2200181 a 4500
005 20140310183251.0
008 041022s19uu xx 00 eng d
020 _a0801330572
050 _aLB 1050.46
_b.B37 2002
100 _aBarr, Rebecca
245 _aReading diagnosis for teachers :
_ban instructional approach. /
_cRebecca Barr
260 _aBoston :
_bA Pearson Education Co,
_c2002.
300 _a406 p. :
_bill. ;
_c24 cm.
521 _aEDU
650 _aReading
_xAbility testing.
942 _cBK
_2lcc
_kFOR
999 _c20782
_d20782